[Event "Oberliga Ost-B 1718"]
[Site "Germany"]
[Date "2018.02.25"]
[Round "8.3"]
[White "Rolle, Eric"]
[Black "Staller, Peter"]
[Result "0-1"]
[WhiteElo "2196"]
[BlackElo "2267"]
[PlyCount "112"]
[EventDate "2017.10.22"]
[EventType "team-tourn"]
[EventRounds "11"]
[EventCountry "GER"]
[SourceTitle "EXT 2019"]
[Source "ChessBase"]
[SourceDate "2018.10.10"]
[SourceVersion "1"]
[SourceVersionDate "2018.10.10"]
[SourceQuality "1"]
[WhiteTeam "Marburg"]
[BlackTeam "Frankfurt Koenig Nied"]
[WhiteTeamCountry "GER"]
[BlackTeamCountry "GER"]

1. c4 e5 2. Nc3 Nf6 3. Nf3 d6 4. g3 g6 5. Bg2 Bg7 6. 0-0 0-0 7. d4 Nbd7 8. e3 Re8 9. b4 a5 10. b5 exd4 11. exd4 Nb6 12. Qb3 Be6 13. Nd2 Qc8 14. Bb2 Bh3 15. Rae1 Bxg2 16. Kxg2 Qf5 17. Nd1 a4 18. Qf3 Qxf3+ 19. Kxf3 Nfd7 20. a3 Kf8 21. Re3 Bh6 22. Rxe8+ Rxe8 23. Ne3 f5 24. Bc3 Bg7 25. Rd1 Nf6 26. Ba5 Nfd7 27. c5 Nc8 28. c6 bxc6 29. bxc6 Ndb6 30. Ndc4 Re4 31. Bxb6 cxb6 32. d5 b5 33. Na5 Bc3 34. Rb1 Bxa5 35. Rxb5 Bc7 36. Rb7 Re7 37. Nc4 Ke8 38. Rb4 Kd8 39. g4 fxg4+ 40. Kf4 Rf7+ 41. Kg3 h5 42. Rxa4 Rf3+ 43. Kg2 Rf4 44. Rb4 Ne7 45. Ne3 g5 46. Rb7 Ra4 47. Rb3 Rd4 48. Rb5 Ng6 49. Kf1 Nf4 50. Rb4 Rd2 51. Ra4 Bb6 52. Ra8+ Kc7 53. Rg8 Nxd5 54. Rxg5 Bxe3 55. fxe3 Nxe3+ 56. Kg1 Rd5 0-1

[Event "Oberliga Ost-B 1617"]
[Site "Germany"]
[Date "2016.11.20"]
[Round "3.3"]
[White "Staller, Peter"]
[Black "Guenther, Christian1111"]
[Result "1/2-1/2"]
[WhiteElo "2264"]
[BlackElo "2161"]
[PlyCount "70"]
[EventDate "2016.10.16"]
[EventType "team-tourn"]
[EventRounds "11"]
[EventCountry "GER"]
[SourceTitle "EXT 2018"]
[Source "ChessBase"]
[SourceDate "2017.10.13"]
[SourceVersion "1"]
[SourceVersionDate "2017.10.13"]
[SourceQuality "1"]
[WhiteTeam "Frankfurt Koenig Nied"]
[BlackTeam "Sangerhausen"]
[WhiteTeamCountry "GER"]
[BlackTeamCountry "GER"]

1. d4 d5 2. Nf3 c6 3. c4 Nf6 4. cxd5 cxd5 5. Nc3 Nc6 6. Bf4 Qb6 7. Na4 Qa5+ 8. Bd2 Qd8 9. Nc3 Bf5 10. e3 e6 11. Bb5 Nd7 12. h3 Bd6 13. 0-0 0-0 14. Ne1 Rc8 15. Bd3 Bxd3 16. Nxd3 Bb8 17. f4 Qc7 18. Rc1 Qd6 19. Na4 b6 20. Nc3 a6 21. Qa4 a5 22. Nb5 Qe7 23. b4 Qd8 24. bxa5 bxa5 25. Na3 Qb6 26. Nc5 Nxc5 27. Rxc5 Bd6 28. Rb5 Qa6 29. Rfb1 Rb8 30. Rxb8 Rxb8 31. Rxb8+ Bxb8 32. Qb5 Qxb5 33. Nxb5 Kf8 34. Kf1 Ke7 35. Ke2 Kd7 1/2-1/2

[Event "Hessenliga 1314"]
[Site "Germany"]
[Date "2014.03.30"]
[Round "8.3"]
[White "Staller, Peter"]
[Black "Fromme, Ernst"]
[Result "1/2-1/2"]
[WhiteElo "2244"]
[BlackElo "2142"]
[PlyCount "166"]
[EventDate "2013.09.29"]
[EventType "team-tourn"]
[EventRounds "9"]
[EventCountry "GER"]
[SourceTitle "EXT 2015"]
[Source "ChessBase"]
[SourceDate "2014.11.20"]
[SourceVersion "1"]
[SourceVersionDate "2014.11.20"]
[SourceQuality "1"]
[WhiteTeam "Nied"]
[BlackTeam "Bad Nauheim"]
[WhiteTeamCountry "GER"]
[BlackTeamCountry "GER"]

1. Nf3 d5 2. d4 Bf5 3. Bf4 e6 4. e3 Bd6 5. Bg3 h6 6. Bd3 Bxd3 7. Qxd3 Bxg3 8. hxg3 Nd7 9. c4 Ngf6 10. Nc3 dxc4 11. Qxc4 c6 12. e4 Qe7 13. e5 Nd5 14. Ne4 Qb4+ 15. Qxb4 Nxb4 16. Ke2 Ke7 17. a3 Nd5 18. Rac1 Rhd8 19. Nfd2 Rac8 20. f4 Rc7 21. Rc2 N7b6 22. Nd6 Nc8 23. N2e4 Kf8 24. Nxc8 Rcxc8 25. Nd6 Rb8 26. b4 Nc7 27. Rf1 Ne8 28. Nxe8 Kxe8 29. Ke3 Rd5 30. g4 Rbd8 31. Rd2 a5 32. f5 axb4 33. axb4 Ke7 34. Rf4 Rb5 35. Rb2 b6 36. Rc2 Rc8 37. Rc4 Rd5 38. Rf2 Rd7 39. Rfc2 Rdc7 40. Ke4 Kd7 41. Ra2 Rb7 42. Ra6 Ke7 43. Rc3 Kd7 44. Rca3 Kc7 45. Rg3 Kd7 46. g5 hxg5 47. Rxg5 exf5+ 48. Kxf5 Rg8 49. Ra3 Ke7 50. b5 cxb5 51. d5 g6+ 52. Kg4 Rc8 53. Rf3 Rc4+ 54. Kg3 Rd7 55. d6+ Ke8 56. Rg4 Ra7 57. Rb3 Rc5 58. Re4 Ra4 59. Ree3 Kd7 60. Rb2 Ke6 61. Rd2 Ra7 62. Kf4 Rd5 63. Rxd5 Kxd5 64. Rd3+ Ke6 65. Rb3 Ra4+ 66. Kg5 b4 67. Rd3 Ra7 68. Rd4 b3 69. Rb4 Kxe5 70. Rxb6 Rd7 71. Rxb3 Rxd6 72. Re3+ Kd4 73. Rf3 Rd7 74. Kf6 Ke4 75. Rf1 Ra7 76. g4 Ke3 77. g5 Ke4 78. Rh1 Ra5 79. Re1+ Kf3 80. Rf1+ Kg2 81. Rf4 Kg3 82. Rf1 Kg2 83. Rf4 Kg3 1/2-1/2

[Event "Hessenliga 1314"]
[Site "Germany"]
[Date "2014.01.12"]
[Round "5.3"]
[White "Rolle, Eric"]
[Black "Staller, Peter"]
[Result "1-0"]
[WhiteElo "2253"]
[BlackElo "2244"]
[PlyCount "117"]
[EventDate "2013.09.29"]
[EventType "team-tourn"]
[EventRounds "9"]
[EventCountry "GER"]
[SourceTitle "EXT 2015"]
[Source "ChessBase"]
[SourceDate "2014.11.20"]
[SourceVersion "1"]
[SourceVersionDate "2014.11.20"]
[SourceQuality "1"]
[WhiteTeam "Marburg"]
[BlackTeam "Nied"]
[WhiteTeamCountry "GER"]
[BlackTeamCountry "GER"]

1. Nf3 d5 2. g3 c6 3. Bg2 Nf6 4. 0-0 Bf5 5. d3 e6 6. Nbd2 h6 7. Qe1 Be7 8. e4 Bh7 9. Qe2 0-0 10. b3 a5 11. a3 Na6 12. Bb2 Rc8 13. Rfe1 Nc5 14. Ne5 Ncd7 15. f4 Nxe5 16. fxe5 Ne8 17. d4 Nc7 18. c4 Rb8 19. Bc3 b6 20. Kh1 Qd7 21. Nf1 Rfd8 22. exd5 cxd5 23. Ne3 a4 24. cxd5 exd5 25. Qd1 axb3 26. Qxb3 Bg5 27. Bb4 Bxe3 28. Qxe3 Rbc8 29. Rad1 Be4 30. Bxe4 dxe4 31. Qxe4 Qd5 32. Qxd5 Nxd5 33. Bd6 Rc4 34. Rd2 Rdc8 35. Rb1 Ne3 36. Kg1 Rc1+ 37. Rxc1 Rxc1+ 38. Kf2 Nc4 39. Re2 Rd1 40. Re4 Rd2+ 41. Kg1 f5 42. Rf4 Ne3 43. Rf3 Rg2+ 44. Kh1 Re2 45. Bb4 g6 46. Bd2 Ng4 47. Bc3 Rc2 48. Bb4 Rxh2+ 49. Kg1 Rb2 50. e6 Rb1+ 51. Rf1 Rxf1+ 52. Kxf1 Ne3+ 53. Ke2 Nd5 54. Kd3 b5 55. Bd2 Nc7 56. d5 Nxd5 57. Kd4 Nc7 58. Ke5 Kg7 59. Kd6 1-0

[Event "Hessenliga 1213"]
[Site "Germany"]
[Date "2013.02.17"]
[Round "6.2"]
[White "Klundt, Klaus"]
[Black "Staller, Peter"]
[Result "1-0"]
[WhiteElo "2358"]
[BlackElo "2244"]
[PlyCount "71"]
[EventDate "2012.09.16"]
[EventType "team-tourn"]
[EventRounds "9"]
[EventCountry "GER"]
[SourceTitle "EXT 2014"]
[Source "ChessBase"]
[SourceDate "2013.11.20"]
[SourceVersion "1"]
[SourceVersionDate "2013.11.20"]
[SourceQuality "1"]
[WhiteTeam "Heusenstamm"]
[BlackTeam "Nied"]
[WhiteTeamCountry "GER"]
[BlackTeamCountry "GER"]

1. e4 g6 2. d4 Bg7 3. Nc3 d6 4. Be3 c6 5. Qd2 b5 6. Bd3 Nd7 7. f4 b4 8. Nce2 a5 9. Nf3 Qc7 10. 0-0 c5 11. c3 Ngf6 12. e5 Ng4 13. Kh1 Nxe3 14. Qxe3 e6 15. d5 Nb6 16. dxe6 Bxe6 17. Bb5+ Kf8 18. exd6 Qxd6 19. Rad1 Qe7 20. Ne5 Kg8 21. Nc6 Qc7 22. Qxc5 Bf8 23. Qf2 Bxa2 24. Ned4 Bd5 25. Ne5 Bd6 26. Ng4 Be7 27. f5 h5 28. Ne3 Be4 29. Bd3 Bxd3 30. Rxd3 Rf8 31. Qf3 bxc3 32. bxc3 Bc5 33. Qe4 Qe7 34. Qc6 Rc8 35. Nd5 Qe2 36. Qxc8+ 1-0

[Event "Hessenliga 1213"]
[Site "Germany"]
[Date "2012.09.16"]
[Round "1.2"]
[White "Staller, Peter"]
[Black "Fromme, Ernst"]
[Result "1-0"]
[WhiteElo "2244"]
[BlackElo "2180"]
[PlyCount "57"]
[EventDate "2012.09.16"]
[EventType "team-tourn"]
[EventRounds "9"]
[EventCountry "GER"]
[SourceTitle "EXT 2014"]
[Source "ChessBase"]
[SourceDate "2013.11.20"]
[SourceVersion "1"]
[SourceVersionDate "2013.11.20"]
[SourceQuality "1"]
[WhiteTeam "Nied"]
[BlackTeam "Bad Nauheim"]
[WhiteTeamCountry "GER"]
[BlackTeamCountry "GER"]

1. c4 g6 2. Nc3 Bg7 3. e4 d6 4. d4 c6 5. Nf3 a6 6. Be2 b5 7. a3 Nf6 8. h3 0-0 9. 0-0 Nbd7 10. Be3 Bb7 11. c5 a5 12. Qc2 a4 13. e5 Ne8 14. Rad1 Qc8 15. Qe4 dxc5 16. dxc5 Nc7 17. Qh4 f6 18. exf6 exf6 19. Ne4 Nd5 20. Nd6 Qb8 21. Bd4 Ba6 22. Qe4 Ra7 23. Rfe1 Ne5 24. Bxe5 fxe5 25. Nxe5 Rf4 26. Nxc6 Rxe4 27. Nxb8 Rd4 28. Rxd4 Bxd4 29. Nc6 1-0

[Event "Oberliga Ost-B 0809"]
[Site "Germany"]
[Date "2009.03.29"]
[Round "11.2"]
[White "Galdunts, Sergey"]
[Black "Staller, Peter"]
[Result "1-0"]
[WhiteElo "2429"]
[BlackElo "2241"]
[PlyCount "75"]
[EventDate "2008.10.26"]
[EventType "team-tourn"]
[EventRounds "11"]
[EventCountry "GER"]
[SourceTitle "EXT 2010"]
[Source "ChessBase"]
[SourceDate "2010.11.25"]
[SourceVersion "1"]
[SourceVersionDate "2010.11.25"]
[SourceQuality "1"]
[WhiteTeam "Moerlenbach"]
[BlackTeam "Frankfurt BvK"]
[WhiteTeamCountry "GER"]
[BlackTeamCountry "GER"]

1. e4 c6 2. d4 d5 3. f3 e6 4. Nc3 Nf6 5. e5 Nfd7 6. f4 c5 7. Nf3 Nc6 8. Ne2 Qb6 9. c3 a5 10. a3 a4 11. Ng3 g6 12. Be2 Qb3 13. Qxb3 axb3 14. dxc5 Nxc5 15. Be3 Na4 16. 0-0-0 Bd7 17. Nd4 Bc5 18. Nf1 Nxd4 19. Bxd4 b5 20. Kb1 Bxd4 21. Rxd4 0-0 22. Nd2 Nc5 23. Bd1 f6 24. exf6 Rxf6 25. Nxb3 Ne4 26. g3 Rc8 27. Re1 Nd6 28. Bg4 Nc4 29. Rdd1 Kg7 30. Re2 Nd6 31. Nd4 Re8 32. Nf3 Bc8 33. Nd4 Bd7 34. Nf3 Bc8 35. Ne5 Rff8 36. Bf3 Nc4 37. Rde1 h6 38. Nxc4 1-0

[Event "Oberliga Ost-B 0809"]
[Site "Germany"]
[Date "2009.02.01"]
[Round "7.2"]
[White "Euler, Gerd"]
[Black "Staller, Peter"]
[Result "1-0"]
[WhiteElo "2351"]
[BlackElo "2241"]
[PlyCount "229"]
[EventDate "2008.10.26"]
[EventType "team-tourn"]
[EventRounds "11"]
[EventCountry "GER"]
[SourceTitle "EXT 2010"]
[Source "ChessBase"]
[SourceDate "2010.11.25"]
[SourceVersion "1"]
[SourceVersionDate "2010.11.25"]
[SourceQuality "1"]
[WhiteTeam "Hungen Lich"]
[BlackTeam "Frankfurt BvK"]
[WhiteTeamCountry "GER"]
[BlackTeamCountry "GER"]

1. e4 e6 2. d4 d5 3. Nc3 Nc6 4. Nf3 Nf6 5. Bg5 Be7 6. e5 Ne4 7. Bxe7 Qxe7 8. Bd3 Nxc3 9. bxc3 a6 10. h4 f6 11. Rh3 0-0 12. Ng5 g6 13. exf6 Qxf6 14. Rf3 Qg7 15. Rxf8+ Qxf8 16. Kf1 Bd7 17. Qg4 Qg7 18. Qf4 e5 19. dxe5 Rf8 20. Qd2 Nxe5 21. Be2 c6 22. Re1 Qf6 23. Qd4 h6 24. Nf3 Nxf3 25. Bxf3 Bf5 26. Re2 Qxd4 27. cxd4 Kf7 28. Ke1 g5 29. Bh5+ Kf6 30. hxg5+ hxg5 31. Kd2 b6 32. Re8 Rxe8 33. Bxe8 c5 34. c3 Ke7 35. Bh5 c4 36. Ke3 Kf6 37. Be8 Be6 38. Bc6 Kf5 39. Bb7 a5 40. Bc6 Bf7 41. Bd7+ Kf6 42. f4 Bg6 43. Bg4 b5 44. a3 Be8 45. Kf3 Bg6 46. g3 Be8 47. Bc8 Bh5+ 48. Ke3 Be8 49. Bb7 gxf4+ 50. Kxf4 Ke6 51. g4 Kd6 52. g5 Bg6 53. Bc8 Kc7 54. Be6 Kd6 55. Bg8 Kc6 56. Ke3 Kd6 57. Kd2 Kc6 58. Be6 Kd6 59. Bg4 Ke7 60. Ke3 Kd6 61. Kf4 Kc6 62. Bf3 Kd6 63. Bg2 Ke6 64. Bf1 Kd6 65. Be2 Kc6 66. Bd1 Kd6 67. Ke3 Ke6 68. Bg4+ Kd6 69. Kf4 Kc6 70. Be6 Kd6 71. Bg8 Kc6 72. Ke5 b4 73. Bxd5+ Kb5 74. cxb4 c3 75. Bb3 axb4 76. axb4 Kxb4 77. Bd1 Be8 78. d5 Ba4 79. Bxa4 Kxa4 80. d6 c2 81. d7 c1Q 82. d8Q Qe3+ 83. Kf5 Qf3+ 84. Kg6 Qe4+ 85. Kg7 Qe5+ 86. Kh7 Qh2+ 87. Kg8 Qa2+ 88. Kf8 Qa3+ 89. Ke8 Qg3 90. Qd4+ Ka5 91. Qc5+ Ka4 92. Qc6+ Ka5 93. Qf6 Qe3+ 94. Kf7 Qb3+ 95. Kg7 Qb7+ 96. Kg6 Qg2 97. Kh6 Qh1+ 98. Kg7 Qb7+ 99. Qf7 Qb2+ 100. Kh6 Qh8+ 101. Qh7 Qf8+ 102. Qg7 Qd6+ 103. Qf6 Qh2+ 104. Kg6 Ka4 105. Qc6+ Ka3 106. Qc5+ Ka2 107. Kg7 Qb2+ 108. Kf7 Qb7+ 109. Qe7 Qf3+ 110. Kg8 Qb3+ 111. Qf7 Ka1 112. g6 Qb8+ 113. Qf8 Qb3+ 114. Kh7 Qb7+ 115. Qg7+ 1-0

[Event "Oberliga Ost-B 0809"]
[Site "Germany"]
[Date "2009.01.18"]
[Round "5.2"]
[White "Staller, Peter"]
[Black "Rasch, Holger"]
[Result "1/2-1/2"]
[WhiteElo "2241"]
[BlackElo "2301"]
[PlyCount "94"]
[EventDate "2008.10.26"]
[EventType "team-tourn"]
[EventRounds "11"]
[EventCountry "GER"]
[SourceTitle "EXT 2010"]
[Source "ChessBase"]
[SourceDate "2010.11.25"]
[SourceVersion "1"]
[SourceVersionDate "2010.11.25"]
[SourceQuality "1"]
[WhiteTeam "Frankfurt BvK"]
[BlackTeam "Steinbach"]
[WhiteTeamCountry "GER"]
[BlackTeamCountry "GER"]

1. d4 d5 2. Nf3 c6 3. c4 e6 4. Nbd2 Nf6 5. e3 Nbd7 6. Bd3 Bd6 7. e4 dxe4 8. Nxe4 Nxe4 9. Bxe4 0-0 10. 0-0 h6 11. b3 e5 12. dxe5 Nxe5 13. Bb2 Nxf3+ 14. Qxf3 Qc7 15. h3 Re8 16. Rfe1 Be6 17. Qc3 Bf8 18. Rad1 Rad8 19. Bc2 Rxd1 20. Rxd1 Rd8 21. Rxd8 Qxd8 22. Qe3 Qd7 23. Qe4 f5 24. Qe2 Qf7 25. Qe5 Bc8 26. Bc3 Qe6 27. Kf1 Qxe5 28. Bxe5 Kf7 29. Ke2 Bc5 30. f3 g6 31. Bc3 Be6 32. Bd2 h5 33. h4 a6 34. Be3 Be7 35. g3 b5 36. Kd3 Bd6 37. f4 Ke7 38. Bd1 Kd7 39. Bf3 Kc7 40. c5 Be7 41. Bd4 Kd7 42. Kc3 Bd8 43. a3 Ba5+ 44. b4 Bd8 45. Bg7 Bf7 46. Kd4 Bc7 47. Be5 Bd8 1/2-1/2

[Event "Oberliga Ost-B 0708"]
[Site "Germany"]
[Date "2008.04.20"]
[Round "11.1"]
[White "Staller, Peter"]
[Black "Grafl, Florian"]
[Result "1/2-1/2"]
[WhiteElo "2268"]
[BlackElo "2433"]
[PlyCount "109"]
[EventDate "2007.10.07"]
[EventType "team-tourn"]
[EventRounds "11"]
[EventCountry "GER"]
[SourceTitle "EXT 2009"]
[Source "ChessBase"]
[SourceDate "2008.11.26"]
[SourceVersion "1"]
[SourceVersionDate "2008.11.26"]
[SourceQuality "1"]
[WhiteTeam "Frankfurt BvK"]
[BlackTeam "Hungen Lich"]
[WhiteTeamCountry "GER"]
[BlackTeamCountry "GER"]

1. d4 f5 2. Nc3 Nf6 3. Bg5 d5 4. Bxf6 exf6 5. e3 Be6 6. g3 c6 7. Bg2 Nd7 8. Nge2 g6 9. Nf4 Bf7 10. Nd3 Qc7 11. a3 Nb6 12. Nc5 Nc4 13. b3 Nd6 14. 0-0 Be7 15. f3 0-0 16. Qe1 Rfe8 17. a4 Bf8 18. Qd2 Bh6 19. Rae1 Rad8 20. Nd3 Nc8 21. Qf2 Bg7 22. Qd2 Rd7 23. Rf2 b6 24. Bf1 Nd6 25. Nf4 Rde7 26. Rfe2 Qb7 27. Rf2 Rd8 28. Rd1 Ne8 29. Nd3 Bh6 30. Re2 Nc7 31. Nf4 Ne6 32. Nxe6 Rxe6 33. Bg2 Qe7 34. f4 Bf8 35. Qd3 Be8 36. Kf2 Kg7 37. Bf3 Bd7 38. h4 h5 39. Bg2 Bc8 40. Bf3 Kh6 41. Bg2 Bb7 42. Red2 Qc7 43. Na2 Rde8 44. Re1 Qc8 45. b4 Ba6 46. b5 Bb7 47. bxc6 Ba6 48. Qc3 Rxc6 49. Qb2 Bc4 50. Nb4 Rd6 51. c3 Qd7 52. Qc2 Rde6 53. Rdd1 Rc8 54. Rb1 Ree8 55. Nd3 1/2-1/2

[Event "Oberliga Ost-B 0708"]
[Site "Germany"]
[Date "2008.01.20"]
[Round "7.1"]
[White "Staller, Peter"]
[Black "Margolin, Boris"]
[Result "1/2-1/2"]
[WhiteElo "2268"]
[BlackElo "2442"]
[PlyCount "88"]
[EventDate "2007.10.07"]
[EventType "team-tourn"]
[EventRounds "11"]
[EventCountry "GER"]
[SourceTitle "EXT 2009"]
[Source "ChessBase"]
[SourceDate "2008.11.26"]
[SourceVersion "1"]
[SourceVersionDate "2008.11.26"]
[SourceQuality "1"]
[WhiteTeam "Frankfurt BvK"]
[BlackTeam "Oberursel"]
[WhiteTeamCountry "GER"]
[BlackTeamCountry "GER"]

1. d4 Nf6 2. Nf3 c5 3. c3 e6 4. e3 b6 5. Nbd2 Be7 6. Bd3 Ba6 7. Bxa6 Nxa6 8. 0-0 0-0 9. Qe2 Qc8 10. a3 Qb7 11. b4 cxd4 12. exd4 Nc7 13. Bb2 d5 14. a4 Nd7 15. Ne5 Rad8 16. Nxd7 Rxd7 17. Nf3 Bd6 18. Ne5 Bxe5 19. dxe5 Rc8 20. a5 b5 21. Rfd1 a6 22. Rd4 Ne8 23. Rad1 Rc4 24. Qe3 Rdc7 25. h3 R7c6 26. R1d3 Qc8 27. Kh2 f6 28. f4 g6 29. g4 fxe5 30. fxe5 Ng7 31. Kg2 Qc7 32. Qf4 Rxd4 33. Rxd4 Qe7 34. Qe3 Rc4 35. Bc1 Qh4 36. Bd2 h5 37. Be1 Qd8 38. Bd2 hxg4 39. hxg4 Rxd4 40. Qxd4 Qh4 41. Qf4 Ne8 42. Qd4 Qd8 43. Be3 Qc8 44. Kf2 Ng7 1/2-1/2